| 000 | 00432nam a2200181Ia 4500 | ||
|---|---|---|---|
| 003 | 0100 | ||
| 008 | 130303s9999 xx 000 0 und d | ||
| 040 | _cARRUPELIB | ||
| 050 | _aB765.A84H66 1972 | ||
| 100 | _aHopkins, Jasper | ||
| 245 | 2 | _aA Companion to the study of St. Anselm | |
| 260 | _aMinneapolis | ||
| 260 | _bUniversity of Minnesota Press | ||
| 260 | _C1972 | ||
| 300 | _a291p. | ||
| 300 | _b 23 cm | ||
| 942 | 0 | 0 | _01 |
| 999 |
_c31605 _d31605 |
||